000 00428nam a2200181Ia 4500
008 210210b1999 xxu||||| |||| 00| 0 eng d
041 _aeng
082 _a510 BOSS
100 _aBOSCO (S S)
245 _aSuppliment in mathamatics I puc
260 _aMangalore
_bBoscoss Publications
_c1999
650 _aSuppliment
650 _apuc
650 _amathamatics
650 _aI
690 _aMathematics
906 _a054734
999 _c127612
_d127612